|
|
|
|
| LEADER |
00000nam0a2200000 4500 |
| 001 |
187312 |
| 005 |
20231101224044.0 |
| 010 |
|
|
|a 9785991200554
|
| 035 |
|
|
|a (RuTPU)RU\TPU\book\203242
|
| 090 |
|
|
|a 187312
|
| 100 |
|
|
|a 20101113d2009 m y0rusy50 ca
|
| 101 |
0 |
|
|a rus
|
| 102 |
|
|
|a RU
|
| 105 |
|
|
|a a j 001zy
|
| 200 |
1 |
|
|a Основы инфокоммуникационных технологий
|e учебное пособие для вузов
|f В. В. Величко, Г. П. Катунин, В. П. Шувалов
|
| 210 |
|
|
|a Москва
|c Горячая линия-Телеком
|d 2009
|
| 215 |
|
|
|a 712 с.
|c ил.
|
| 225 |
1 |
|
|a Специальность
|
| 320 |
|
|
|a Библиогр.: с. 687-690.
|
| 330 |
|
|
|a В учебном пособии с единых позиций рассмотрен комплекс вопросов, относящихся к инфокоммуникационным технологиям: представлены основы построения телекоммуникационных систем и сетей, дано представление о современных беспроводных средствах связи, включая подвижные средства связи, рассмотрены принципы построения сетей следующего поколения и технологии, применяемые при этом. Книга содержит также описание конкретных решений по реализации сетей NGN. Для студентов вузов связи и колледжей. Книга может быть использована для повышения квалификации работниками предприятий связи.
|
| 606 |
1 |
|
|a Телекоммуникации
|2 stltpush
|3 (RuTPU)RU\TPU\subj\67470
|9 83255
|
| 610 |
1 |
|
|a связь
|
| 610 |
1 |
|
|a средства связи
|
| 610 |
1 |
|
|a история
|
| 610 |
1 |
|
|a сигналы
|
| 610 |
1 |
|
|a линии связи
|
| 610 |
1 |
|
|a цифровые системы
|
| 610 |
1 |
|
|a телекоммуникационные системы
|
| 610 |
1 |
|
|a локальные сети
|
| 610 |
1 |
|
|a территориальные сети
|
| 610 |
1 |
|
|a радиосвязь
|
| 610 |
1 |
|
|a мобильная связь
|
| 610 |
1 |
|
|a передающие устройства
|
| 610 |
1 |
|
|a приемные устройства
|
| 610 |
1 |
|
|a радиорелейные линии
|
| 610 |
1 |
|
|a средства связи
|
| 610 |
1 |
|
|a подвижные объекты
|
| 610 |
1 |
|
|a сети следующего поколения
|
| 610 |
1 |
|
|a архитектура
|
| 610 |
1 |
|
|a учебные пособия
|
| 610 |
1 |
|
|a NGN
|
| 675 |
|
|
|a 621.39(075.8)
|v 3
|
| 700 |
|
1 |
|a Величко
|b В. В.
|g Вячеслав Витальевич
|
| 701 |
|
1 |
|a Катунин
|b Г. П.
|g Геннадий Павлович
|
| 701 |
|
1 |
|a Шувалов
|b В. П.
|g Вячеслав Петрович
|
| 801 |
|
1 |
|a RU
|b 63413507
|c 20101113
|
| 801 |
|
2 |
|a RU
|b 63413507
|c 20150619
|g RCR
|
| 942 |
|
|
|c BK
|